000 00635nam a2200217 i 4500
001 129283
003 ES-MaACL
005 20230906193454.0
007 t|
008 070611s1977 sp ||||1| spa d
080 _a1:061.3(100)"1975"
080 _a061.3(100)"1975":1
245 0 0 _aTeoria y praxis /
_cEtienne Balibar, Claude Berger, Gustavo Bueno...[et al.].
260 _aValencia :
_bFernando Torres,
_c1977.
300 _a224 p. ;
_c18 cm.
490 1 _aInterdisciplinar
700 1 _aBalibar, Etienne.
_924936
830 0 _aInterdisciplinar
_9182330
852 _aES-MaACL
_jA-7898
_bR.96571
999 _c129283
_d129283